Photography for architects : (Record no. 366640)
[ view plain ]
| 000 -LEADER | |
|---|---|
| fixed length control field | 02155nam a22002057a 4500 |
| 003 - CONTROL NUMBER IDENTIFIER | |
| control field | 0 |
| 005 - DATE AND TIME OF LATEST TRANSACTION | |
| control field | 20241028095410.0 |
| 008 - FIXED-LENGTH DATA ELEMENTS--GENERAL INFORMATION | |
| fixed length control field | 241028b xxu||||| |||| 00| 0 eng d |
| 020 ## - INTERNATIONAL STANDARD BOOK NUMBER | |
| International Standard Book Number | 9781032189116 |
| 050 ## - LIBRARY OF CONGRESS CALL NUMBER | |
| Classification number | TK 659 |
| Item number | .K65 2024 |
| 100 ## - MAIN ENTRY--PERSONAL NAME | |
| Personal name | Knight, Martine Hamilton, |
| Relator term | author. |
| 245 ## - TITLE STATEMENT | |
| Title | Photography for architects : |
| Remainder of title | effective use of images in your architectural practice / |
| Statement of responsibility, etc | Martine Hamilton Knight. |
| 260 ## - PUBLICATION, DISTRIBUTION, ETC. (IMPRINT) | |
| Place of publication, distribution, etc | New York, NY : |
| Name of publisher, distributor, etc | Routledge, |
| Date of publication, distribution, etc | 2024. |
| 300 ## - PHYSICAL DESCRIPTION | |
| Extent | xvi, 452 p. : |
| Other physical details | col. ill. ; |
| Dimensions | 29 cm. |
| 504 ## - BIBLIOGRAPHY, ETC. NOTE | |
| Bibliography, etc | Includes bibliographical references and index. |
| 520 ## - SUMMARY, ETC. | |
| Summary, etc | "Today, online, there is too much visual noise. We live in a world driven by images, but is anyone really looking at them? How does an architect ensure their portfolio is in view of the right audience? Photographs are still as vital to architectural practice as they ever were. Creation and circulation, once in the hands of skilled professionals, is now perceived as being 'free' and within easy reach of all. But where is the clarity? What is the message? By setting up the case for curated image making, decisions around photography can be placed at the centre of architectural practice. Photography for Architects guides the reader through topics such as establishing a visual brand, sharing images online and understanding when to create content in-house and how to commission professionals together with the value that their creative service brings. It explores making books and exhibitions for legacy value, compiling award entries and engaging with trade press. Little understood aspects regarding legal rights and obligations, ethics, copyright and licensing for image use are discussed in clear language, with multiple photographic examples illustrating the various themes throughout. Written by an architectural photographer with over thirty years' experience in commercial practice, this easy-to-read, richly illustrated guide is essential reading for architects and designers alike who are working with images and image makers"--Provided by publisher. |
| 650 ## - SUBJECT ADDED ENTRY--TOPICAL TERM | |
| Topical term or geographic name as entry element | Architectural photography. |
| 650 ## - SUBJECT ADDED ENTRY--TOPICAL TERM | |
| Topical term or geographic name as entry element | Architecture and photography. |
| 942 ## - ADDED ENTRY ELEMENTS (KOHA) | |
| Source of classification or shelving scheme | Library of Congress Classification |
| Koha item type | Books |
| Withdrawn status | Lost status | Source of classification or shelving scheme | Damaged status | Home library | Current library | Shelving location | Date acquired | Source of acquisition | Sub Shelving location | Total Checkouts | Full call number | Barcode | Date last seen | Price effective from | Koha item type |
|---|---|---|---|---|---|---|---|---|---|---|---|---|---|---|---|
| Library of Congress Classification | College Library | College Library | Reserve Section | 10/28/2024 | Library Fund | TK 659 .K65 2024 | C23766 | 10/28/2024 | 10/28/2024 | Books | |||||
| Library of Congress Classification | College Library | College Library | Reserve Section | 06/04/2025 | Library Fund | TK 659 .K65 2024 | C24803 | 08/29/2025 | 08/29/2025 | Books |